Générique Merveilleuse Creamy - Paroles - Statistiques

Statistiques générales
  • Ce quiz a été pris 7 fois
  • Le résultat moyen est 20 sur 26
Statistiques - réponses
Paroles % Correct
Et Creamy va chanter pour {vous}
100%
Je vais changer tout votre {vie}
100%
Juste un peu de {magie}
100%
Mes deux {amis} Simon et Sissi
100%
Pampulilu, du haut du {ciel}
100%
Yu est une petite {fille}
100%
C'est un jour d'être une {star}
86%
Je vais changer tout votre {vie}
86%
Mes deux {amis} Simon et Sissi
86%
Pampulilu, c'est {fantastique}
86%
Pampulilu, du haut du {ciel}
86%
Pampulilu, {Pampulilu}
86%
Pampulilu, pouvoir {magique}
86%
Qui travaille en {famille}
86%
Pampulilu, c'est {fantastique}
71%
Pampulilu, le pouvoir {magique}
71%
Pampulilu, pouvoir {magique}
71%
Papa, Maman, Bouftout, {Charlie}
71%
Un peu de {fantaisie}
71%
Pampulilu, l'{étoile} veille
57%
Pampulilu, l'{étoile} veille
57%
Papa, Maman, Bouftout, {Charlie}
57%
Sont mes compagnons de {folie}
57%
Sont mes compagnons de {folie}
57%
Un éclair et c'est {tout}
57%
Mais son secret {espoir}
43%
Aucun quiz correspondant
Distribution des résultats
% des personnes avec chaque résultat
Percentile par nombre de réponses
Votre historique - résultats
Vous n’avez pas pris ce quiz